Statistics for Countries with longest north-south difference

Click here to take the quiz!

General Stats

  • This quiz has been taken 254 times
    (64 since last reset)
  • The average score is 17 of 20

Answer Stats

DifferenceCountry% Correct
39°13'Chile
100%
44°43'China
98%
101°06'France
98%
40°40'Russia
98%
120°33'United Kingdom
98%
85°57'United States
98%
33°16'Argentina
96%
45°47'Australia
96%
39°00'Brazil
96%
41°25'Canada
96%
135°16'Norway
91%
25°06'Japan
88%
18°49'D R Congo
86%
28°46'India
84%
44°06'New Zealand
81%
41°33'Netherlands
72%
29°06'Denmark
70%
20°04'Colombia
46%
24°39'South Africa
44%
18°56'Myanmar
40%

Score Distribution

Percentile by Number Answered

Percent of People with Each Score

Your Score History

You have not taken this quiz since the last reset